Central Library OPAC University of Rajshahi

The Irish comic tradition / (Record no. 63332)

MARC details
000 -LEADER
fixed length control field 00681nam a2200229 a 4500
001 - CONTROL NUMBER
control field 63332
003 - CONTROL NUMBER IDENTIFIER
rucl marc code BD-RjUL
005 - DATE AND TIME OF LATEST TRANSACTION
control field 20211209081201.0
008 - FIXED-LENGTH DATA ELEMENTS--GENERAL INFORMATION
fixed length control field 170129s1962 enk 001 0 eng d
035 ## - SYSTEM CONTROL NUMBER
System control number (BD-RjUL)63461
040 ## - CATALOGING SOURCE
Original cataloging agency BD-RjUL
Transcribing agency BD-RjUL
Modifying agency BD-RjUL
Language of cataloging eng
041 ## - LANGUAGE CODE
Language code of text/sound track or separate title eng
082 ## - DEWEY DECIMAL CLASSIFICATION NUMBER
Edition number 23
Classification number 827.09
Author mark and year MEI 1962
100 1# - MAIN ENTRY--PERSONAL NAME
Personal name Mercier, Vivian.
9 (RLIN) 188472
245 14 - TITLE STATEMENT
Title The Irish comic tradition /
Statement of responsibility, etc. by Vivian Mercier
260 ## - PUBLICATION, DISTRIBUTION, ETC. (IMPRINT)
Place of publication, distribution, etc. Oxford :
Name of publisher, distributor, etc. Clarendon Press,
Date of publication, distribution, etc. 1962
300 ## - PHYSICAL DESCRIPTION
Pagination 258 p. ;
Size 22 cm
500 ## - GENERAL NOTE
General note Includes index
650 #0 - SUBJECT ADDED ENTRY--TOPICAL TERM
Topical term or geographic name as entry element Irish literature
General subdivision History and criticism
9 (RLIN) 188473
Topical term or geographic name as entry element Irish wit and humor
General subdivision History and criticism
9 (RLIN) 188474
942 ## - ADDED ENTRY ELEMENTS (KOHA)
Source of classification or shelving scheme Dewey Decimal Classification
Koha item type Books
Holdings
Lost status Source of classification or shelving scheme Damaged status Not for loan Collection code Permanent Location Current Location Shelving location Date acquired Source of acquisition Cost, normal purchase price Total Checkouts Full call number Date last seen Copy number Koha item type
  Dewey Decimal Classification   Not For Loan Non-fiction Central Library, University of Rajshahi Central Library, University of Rajshahi Reading Room 11/03/1964 Zeitlinger 30.00   827.09 MEI 1962 29/01/2017 C-1 Books